[Event "Helsingor Xtracon op"]
[Site "Helsingor"]
[Date "2019.07.25"]
[Round "7"]
[White "Nielsen, Palle"]
[Black "Harders, Poul Erik"]
[Result "1-0"]
[WhiteElo "1806"]
[BlackElo "1676"]
[PlyCount "75"]
[EventDate "2019.07.20"]
[EventType "swiss"]
[EventRounds "10"]
[EventCountry "DEN"]
[SourceTitle "CBM 191 Extra"]
[Source "ChessBase"]
[SourceDate "2019.09.30"]
[SourceVersion "1"]
[SourceVersionDate "2019.09.30"]
[SourceQuality "1"]

1. e4 c5 2. Nf3 d6 3. d4 cxd4 4. Nxd4 Nf6 5. f3 e6 6. c4 a6 7. Nc3 Qc7 8. Be3 Nbd7 9. Nb3 b6 10. Be2 Bb7 11. Rc1 Be7 12. 0-0 0-0 13. Qd2 Nc5 14. Nd4 Rfd8 15. b4 Ncd7 16. Rfd1 Rac8 17. Nb3 Ne5 18. Na4 Nfd7 19. Qe1 Re8 20. Qf2 Bd8 21. h4 Ra8 22. h5 a5 23. b5 Nc5 24. Nxb6 Qxb6 25. Nxc5 dxc5 26. Bxc5 Qc7 27. Bd6 Qc8 28. Bxe5 Be7 29. Qg3 f6 30. Bd6 e5 31. h6 g6 32. c5 Bxd6 33. cxd6 Qd8 34. Rc7 Bc8 35. f4 Bd7 36. f5 g5 37. Qb3+ Kf8 38. Bh5 1-0

[Event "Helsingor Xtracon op"]
[Site "Helsingor"]
[Date "2018.07.22"]
[Round "2"]
[White "Kristiansen, Elias V"]
[Black "Nielsen, Palle"]
[Result "0-1"]
[WhiteElo "1163"]
[BlackElo "1771"]
[PlyCount "78"]
[EventDate "2018.07.21"]
[EventType "swiss"]
[EventRounds "10"]
[EventCountry "DEN"]
[SourceTitle "CBM 185 Extra"]
[Source "ChessBase"]
[SourceDate "2018.07.29"]
[SourceVersion "1"]
[SourceVersionDate "2018.07.29"]
[SourceQuality "1"]

1. d4 d5 2. c4 c6 3. Nf3 Nf6 4. Bf4 e6 5. a3 h6 6. e3 Nh5 7. Bxb8 Rxb8 8. Ne5 Nf6 9. cxd5 exd5 10. Qb3 Bd6 11. f4 0-0 12. Nd2 Qe7 13. h4 Nh5 14. 0-0-0 Ng3 15. Rg1 Bxe5 16. fxe5 Qxh4 17. Nf3 Qe7 18. Bd3 Be6 19. Qc2 Rfc8 20. Qf2 Ne4 21. Bxe4 dxe4 22. Nd2 c5 23. Kb1 cxd4 24. exd4 Qd7 25. Nxe4 Qd5 26. Nc3 Qb3 27. d5 Bg4 28. Rd4 Rxc3 29. Rb4 Qxd5 30. bxc3 Be6 31. c4 Qe4+ 32. Kb2 Qxe5+ 33. Kb3 b5 34. Rf1 a5 35. Re1 bxc4+ 36. Kc2 Bf5+ 37. Kc1 Qc3+ 38. Kd1 Rd8+ 39. Ke2 Qd3# 0-1

[Event "Helsingor Xtracon op"]
[Site "Helsingor"]
[Date "2018.07.22"]
[Round "3"]
[White "Nielsen, Palle"]
[Black "Pakmor, Claus"]
[Result "1/2-1/2"]
[WhiteElo "1771"]
[BlackElo "2023"]
[PlyCount "106"]
[EventDate "2018.07.21"]
[EventType "swiss"]
[EventRounds "10"]
[EventCountry "DEN"]
[SourceTitle "CBM 185 Extra"]
[Source "ChessBase"]
[SourceDate "2018.07.29"]
[SourceVersion "1"]
[SourceVersionDate "2018.07.29"]
[SourceQuality "1"]

1. d4 d5 2. Nf3 Nf6 3. Nc3 e6 4. Bf4 Bd6 5. Bg3 a6 6. e3 0-0 7. Bd3 b6 8. Ne5 Bb7 9. f4 Ne4 10. Qf3 f6 11. Ng4 f5 12. Ne5 c5 13. Qh5 Be7 14. Bxe4 fxe4 15. 0-0 Rf5 16. Qg4 cxd4 17. exd4 Nc6 18. Ne2 Rc8 19. c3 Rc7 20. Bf2 Bc8 21. Be3 Bh4 22. g3 Be7 23. Qh3 Nxe5 24. fxe5 Bg5 25. Nf4 Rcf7 26. Rf2 Bxf4 27. gxf4 Bd7 28. Raf1 b5 29. Qg3 Qf8 30. a3 Kh8 31. h4 Qe7 32. Rh2 Rh5 33. Qg4 Rff5 34. Rff2 Be8 35. Kf1 Rh6 36. Rfg2 Bh5 37. Qg3 Bf3 38. Rg1 Qc7 39. Ke1 Rhh5 40. Qf2 Rf7 41. Rh3 Qe7 42. Rh2 Rf8 43. Rg5 Rxg5 44. hxg5 g6 45. Qf1 Rb8 46. Kf2 a5 47. Bd2 Qd7 48. Kg3 Rb6 49. c4 dxc4 50. Bxa5 Ra6 51. Bc3 Bh5 52. Kf2 Kg8 53. Ke3 Bf3 1/2-1/2

[Event "Helsingor Xtracon op"]
[Site "Helsingor"]
[Date "2017.07.23"]
[Round "2"]
[White "Erikstad, Anders"]
[Black "Nielsen, Palle"]
[Result "0-1"]
[WhiteElo "1166"]
[BlackElo "1715"]
[PlyCount "70"]
[EventDate "2017.07.22"]
[EventType "swiss"]
[EventRounds "10"]
[EventCountry "DEN"]
[SourceTitle "CBM 179 Extra"]
[Source "ChessBase"]
[SourceDate "2017.08.23"]
[SourceVersion "1"]
[SourceVersionDate "2017.08.23"]
[SourceQuality "1"]

1. d4 Nf6 2. c4 d5 3. Nc3 e6 4. Nf3 Be7 5. Bf4 0-0 6. e3 Nbd7 7. Bd3 dxc4 8. Bxc4 Nb6 9. Bd3 Nh5 10. Ng5 g6 11. Nh3 Nxf4 12. Nxf4 c6 13. 0-0 Bd6 14. Qg4 e5 15. Qg3 exf4 16. exf4 Qc7 17. Ne2 Nd5 18. Qg5 Nxf4 19. Nxf4 Bxf4 20. Qh4 Be6 21. b3 Rad8 22. g3 Bd6 23. Qh6 Rfe8 24. Rfe1 Bf8 25. Qh4 Bg7 26. Re4 Qb6 27. Bc4 Rxd4 28. Rae1 Rxe4 29. Rxe4 Qc7 30. Re1 Qd7 31. Kg2 Bd5+ 32. Kf1 Bxc4+ 33. Qxc4 Qh3+ 34. Kg1 Rxe1+ 35. Qf1 Rxf1# 0-1

[Event "Helsingor Xtracon op"]
[Site "Helsingor"]
[Date "2016.07.28"]
[Round "7"]
[White "Nielsen, Palle"]
[Black "Kvaloy, Aksel Bu"]
[Result "0-1"]
[WhiteElo "1778"]
[BlackElo "1533"]
[PlyCount "72"]
[EventDate "2016.07.23"]
[EventType "swiss"]
[EventRounds "10"]
[EventCountry "DEN"]
[SourceTitle "CBM 173 Extra"]
[Source "ChessBase"]
[SourceDate "2016.08.29"]
[SourceVersion "1"]
[SourceVersionDate "2016.08.29"]
[SourceQuality "1"]

1. g3 e5 2. Bg2 d5 3. c3 c6 4. Qc2 Bd6 5. e4 Ne7 6. Ne2 0-0 7. b3 f5 8. exd5 cxd5 9. d4 e4 10. 0-0 Ng6 11. f4 h6 12. c4 Nc6 13. a3 Be6 14. c5 Be7 15. Nbc3 b6 16. b4 bxc5 17. bxc5 Rb8 18. Bd2 Bf6 19. Be3 Na5 20. Rfb1 Qd7 21. Bf1 Nc4 22. Kf2 Rxb1 23. Qxb1 Ne7 24. a4 Nc6 25. Nd1 Rb8 26. Qc1 Nb4 27. Qc3 Nd3+ 28. Kg1 Qf7 29. Nc1 Nxc1 30. Bxc4 dxc4 31. Qxc1 Qd7 32. Rb1 Rxb1 33. Qxb1 Bxd4 34. Qb8+ Kf7 35. Qd6 Qxd6 36. cxd6 c3 0-1

[Event "Helsingor Xtracon op"]
[Site "Helsingor"]
[Date "2016.07.24"]
[Round "2"]
[White "Frederiksen, Jacob"]
[Black "Nielsen, Palle"]
[Result "0-1"]
[WhiteElo "1382"]
[BlackElo "1778"]
[PlyCount "42"]
[EventDate "2016.07.23"]
[EventType "swiss"]
[EventRounds "10"]
[EventCountry "DEN"]
[SourceTitle "CBM 173 Extra"]
[Source "ChessBase"]
[SourceDate "2016.08.29"]
[SourceVersion "1"]
[SourceVersionDate "2016.08.29"]
[SourceQuality "1"]

1. e4 e5 2. Nf3 Nc6 3. d4 d6 4. dxe5 Bg4 5. e6 Bxe6 6. Nc3 Nf6 7. Bg5 Be7 8. Qd2 0-0 9. Bd3 Nb4 10. 0-0 Nxd3 11. cxd3 c6 12. Nd4 Bd7 13. f4 Qb6 14. Qf2 Ng4 15. Na4 Qb4 16. Qh4 Qxd4+ 17. Kh1 Bxg5 18. fxg5 Qxa4 19. Rf3 Ne5 20. Rf6 gxf6 21. gxf6 Kh8 0-1

[Event "Helsingor Xtracon op"]
[Site "Helsingor"]
[Date "2016.07.23"]
[Round "1"]
[White "Nielsen, Palle"]
[Black "Tryggestad, Andreas Garberg"]
[Result "0-1"]
[WhiteElo "1778"]
[BlackElo "2216"]
[PlyCount "50"]
[EventDate "2016.07.23"]
[EventType "swiss"]
[EventRounds "10"]
[EventCountry "DEN"]
[SourceTitle "CBM 173 Extra"]
[Source "ChessBase"]
[SourceDate "2016.08.29"]
[SourceVersion "1"]
[SourceVersionDate "2016.08.29"]
[SourceQuality "1"]

1. e4 c5 2. Nf3 e6 3. c4 Nc6 4. Nc3 Nf6 5. d3 d6 6. h3 g6 7. Be2 Bg7 8. 0-0 0-0 9. Nh2 d5 10. f4 dxe4 11. dxe4 Qd4+ 12. Qxd4 cxd4 13. Nb5 Nxe4 14. Bf3 Nc5 15. Rb1 a6 16. Nd6 Rd8 17. Nxc8 Raxc8 18. Bd2 e5 19. fxe5 Nxe5 20. Bd5 b5 21. b3 Rd7 22. Rbd1 bxc4 23. bxc4 Ncd3 24. Nf3 Nxc4 25. Bxc4 Rxc4 0-1

[Event "Politiken Cup 36th"]
[Site "Helsingor"]
[Date "2014.07.28"]
[Round "9"]
[White "Nielsen, Palle"]
[Black "Nilssen, Ellen Fredericia"]
[Result "1/2-1/2"]
[WhiteElo "1771"]
[BlackElo "1646"]
[PlyCount "28"]
[EventDate "2014.07.21"]
[EventType "swiss"]
[EventRounds "10"]
[EventCountry "DEN"]
[SourceTitle "CBM 161 Extra"]
[Source "ChessBase"]
[SourceDate "2014.08.29"]
[SourceVersion "1"]
[SourceVersionDate "2014.08.29"]
[SourceQuality "1"]

1. d4 e6 2. Nf3 d5 3. Nbd2 Be7 4. c4 Nf6 5. c5 c6 6. b4 a5 7. Qa4 b6 8. Qa3 a4 9. Ne5 Bb7 10. Qg3 0-0 11. e3 Nbd7 12. f4 Ne4 13. Qf3 f5 14. Nxd7 Qxd7 1/2-1/2

[Event "DEN-ch Kort 2-2"]
[Site "Helsingor"]
[Date "2013.03.28"]
[Round "1"]
[White "Gade, Jens"]
[Black "Nielsen, Palle"]
[Result "0-1"]
[WhiteElo "1578"]
[BlackElo "1760"]
[PlyCount "104"]
[EventDate "2013.03.28"]
[EventType "swiss"]
[EventRounds "5"]
[EventCountry "DEN"]
[SourceTitle "EXT 2023"]
[Source "ChessBase"]
[SourceDate "2022.10.05"]
[SourceVersion "1"]
[SourceVersionDate "2022.10.05"]
[SourceQuality "1"]

1. f4 b6 2. Nf3 Bb7 3. e3 Nc6 4. Nc3 Nf6 5. Be2 d5 6. d4 e6 7. 0-0 h6 8. a3 Ne7 9. b4 a5 10. Bd2 axb4 11. axb4 Ne4 12. Nxe4 dxe4 13. Ne5 c6 14. c4 g6 15. Qc2 Rb8 16. Qxe4 c5 17. Qd3 cxd4 18. exd4 Nf5 19. Bc3 Bg7 20. c5 0-0 21. c6 Bxe5 22. cxb7 Bxd4+ 23. Bxd4 Nxd4 24. Ra7 Nxe2+ 25. Qxe2 Qd4+ 26. Qf2 Qxb4 27. Rd1 Kg7 28. Qd4+ Qxd4+ 29. Rxd4 Kf6 30. Rb4 g5 31. fxg5+ hxg5 32. Rxb6 g4 33. Kf2 Kf5 34. Kg3 f6 35. Rb5+ e5 36. Rb4 Rfd8 37. Rb3 Rd7 38. Kf2 Kg5 39. g3 f5 40. Rb5 Rh7 41. Ke3 Re7 42. Rb4 f4+ 43. Ke4 f3 44. Ke3 Kf5 45. Kf2 Rh7 46. Kg1 Rc7 47. Rb2 Rd7 48. Kf2 Rc7 49. Ke3 Rc3+ 50. Kf2 e4 51. Ra5+ Ke6 52. Rab5 e3+ 0-1

[Event "DEN-ch Kort 2-2"]
[Site "Helsingor"]
[Date "2013.03.28"]
[Round "2"]
[White "Nielsen, Palle"]
[Black "Persson, Jorgen"]
[Result "1-0"]
[WhiteElo "1760"]
[BlackElo "1250"]
[PlyCount "41"]
[EventDate "2013.03.28"]
[EventType "swiss"]
[EventRounds "5"]
[EventCountry "DEN"]
[SourceTitle "EXT 2023"]
[Source "ChessBase"]
[SourceDate "2022.10.05"]
[SourceVersion "1"]
[SourceVersionDate "2022.10.05"]
[SourceQuality "1"]

1. d4 d5 2. c4 e6 3. e3 Nf6 4. Nc3 c5 5. Nf3 Nc6 6. a3 b6 7. cxd5 Nxd5 8. Bb5 Bb7 9. Ne5 Rc8 10. Qf3 Qf6 11. Qe2 Bd6 12. Ne4 Qe7 13. Nxd6+ Qxd6 14. f4 Nf6 15. dxc5 Qxc5 16. Bd2 0-0 17. Bxc6 Bxc6 18. Bb4 Qb5 19. Nxc6 Qxc6 20. Bxf8 Ne4 21. Bb4 1-0

[Event "Politiken Cup 34th"]
[Site "Helsingor"]
[Date "2012.08.01"]
[Round "6"]
[White "Nielsen, Palle"]
[Black "Helin, Mikael"]
[Result "0-1"]
[WhiteElo "1774"]
[BlackElo "1905"]
[PlyCount "40"]
[EventDate "2012.07.28"]
[EventType "swiss"]
[EventRounds "10"]
[EventCountry "DEN"]
[SourceTitle "CBM 149 Extra"]
[Source "ChessBase"]
[SourceDate "2012.08.24"]
[SourceVersion "1"]
[SourceVersionDate "2012.08.24"]
[SourceQuality "1"]

1. d4 g6 2. c4 d6 3. e4 Bg7 4. Be3 Nc6 5. Ne2 e5 6. d5 Nce7 7. Nbc3 f5 8. f3 Nf6 9. Qc2 0-0 10. h3 c5 11. dxc6 bxc6 12. Rd1 Be6 13. b3 d5 14. Nc1 d4 15. Na4 fxe4 16. fxe4 Nh5 17. Bf2 Bh6 18. Nd3 Nf4 19. Nxf4 Bxf4 20. Nc5 Qa5+ 0-1

[Event "Politiken Cup 33rd"]
[Site "Helsingor"]
[Date "2011.08.05"]
[Round "8"]
[White "Nielsen, Palle"]
[Black "Hojgaard, Brandur"]
[Result "1-0"]
[WhiteElo "1824"]
[BlackElo "1480"]
[PlyCount "57"]
[EventDate "2011.07.30"]
[EventType "swiss"]
[EventRounds "10"]
[EventCountry "DEN"]
[SourceTitle "CBM 143 Extra"]
[Source "ChessBase"]
[SourceDate "2011.08.29"]
[SourceVersion "1"]
[SourceVersionDate "2011.08.29"]
[SourceQuality "1"]

1. d4 d5 2. Nf3 Nf6 3. Bf4 e6 4. a3 Bd6 5. Bxd6 cxd6 6. e3 Bd7 7. Nbd2 Nc6 8. c4 Ne7 9. b4 a6 10. Bd3 0-0 11. 0-0 Rc8 12. c5 dxc5 13. dxc5 Qc7 14. h3 e5 15. Be2 Rcd8 16. Nh2 Ng6 17. Ndf3 Qc8 18. Kh1 Kh8 19. Ng1 Be6 20. Qc2 Ne4 21. Qb2 Ng5 22. Bg4 f5 23. Bh5 Qc7 24. Bxg6 hxg6 25. Ngf3 Nxf3 26. Nxf3 d4 27. exd4 exd4 28. Rfe1 Qf7 29. Ng5 1-0

[Event "Politiken Cup 33rd"]
[Site "Helsingor"]
[Date "2011.07.31"]
[Round "3"]
[White "Mortensen, Henrik"]
[Black "Nielsen, Palle"]
[Result "1-0"]
[WhiteElo "2024"]
[BlackElo "1824"]
[PlyCount "35"]
[EventDate "2011.07.30"]
[EventType "swiss"]
[EventRounds "10"]
[EventCountry "DEN"]
[SourceTitle "CBM 143 Extra"]
[Source "ChessBase"]
[SourceDate "2011.08.29"]
[SourceVersion "1"]
[SourceVersionDate "2011.08.29"]
[SourceQuality "1"]

1. e4 e5 2. Nf3 Nc6 3. Nc3 Nf6 4. d4 Bb4 5. dxe5 Bxc3+ 6. bxc3 Nxe4 7. Qd5 f5 8. Bd3 Ne7 9. Qb3 Nc5 10. Qc4 Ne6 11. 0-0 b6 12. Nd4 g6 13. f4 Nc5 14. Ba3 Ne6 15. Rad1 a6 16. Nxe6 dxe6 17. Bxf5 Nd5 18. Be4 1-0